| 000 | 01352cam a2200337 i 4500 | ||
|---|---|---|---|
| 001 | deathbeforebedti00boxe | ||
| 003 | CaSfIA | ||
| 005 | 20210118001321.0 | ||
| 007 | cr|||| | ||
| 008 | 790307t19791953nyu 000 1 eng | ||
| 010 | _a 79010248 | ||
| 040 |
_aDLC _cDLC _dOCL _dBAKER _dBTCTA _dOCLCG _dCaSfIA |
||
| 020 | _a039474053X | ||
| 020 | _a9780394740539 | ||
| 035 | _a(OCoLC)4775362 | ||
| 050 | 1 | 0 |
_aPS3543.I26 _bD36 1979 |
| 082 | 0 | 0 | _a813/.5/4 |
| 100 | 1 |
_aBox, Edgar, _d1925- |
|
| 245 | 1 | 0 |
_aDeath before bedtime / _h[electronic resource] _cEdgar Box. |
| 260 |
_aNew York : _bVintage Books, _c1979, c1953. |
||
| 300 |
_a169 p. ; _c18 cm. |
||
| 655 | 7 |
_aMystery fiction. _2gsafd |
|
| 856 | 4 | 1 |
_uhttp://www.archive.org/details/deathbeforebedti00boxe _zFree eBook from the Internet Archive |
| 856 | 4 | 2 |
_uhttp://www.openlibrary.org/books/OL4407080M _zAdditional information and access via Open Library |
| 029 | 1 |
_aNLGGC _b852056044 |
|
| 029 | 1 |
_aNZ1 _b3261191 |
|
| 029 | 1 |
_aUNITY _b006615244 |
|
| 942 | _cEB | ||
| 506 | _fНеобхідна авторизація на https://archive.org/ (створення облікового запису безкоштовно) | ||
| 506 | _fНеобхідна авторизація на https://openlibrary.org/ (створення облікового запису безкоштовно) | ||
| 999 |
_c487143 _d487143 |
||